Southville International School and Colleges
Your cart is empty.
  • Cart
  • Lists
    Public lists list_1 View all
    Your lists Log in to create your own lists
  • Log in to your account
  • Your cookies
  • Search history
Southville International School and Colleges
  • Advanced search
  • Recent comments
  • Most popular
  • Libraries

Log in to your account

Log in with GOOGLE


If you do not have an external account, but do have a local account, you can still log in:

  1. Home
  2. MARC view: My little book of riddles.
Normal view MARC view ISBD view

My little book of riddles. (Record no. 110288)

[ view plain ]
MARC details
000 -LEADER
fixed length control field 00371nam a2200157 a 4500
001 - CONTROL NUMBER
control field 3181
005 - DATE AND TIME OF LATEST TRANSACTION
control field 20140414131853.0
008 - FIXED-LENGTH DATA ELEMENTS--GENERAL INFORMATION
fixed length control field 060202s19uu xx 00 eng d
020 ## - INTERNATIONAL STANDARD BOOK NUMBER
International Standard Book Number 971-08-6256-1
050 ## - LIBRARY OF CONGRESS CALL NUMBER
Classification number M 398.6
Item number Ar7 2001
100 ## - MAIN ENTRY--PERSONAL NAME
Personal name Artus, A.
245 ## - TITLE STATEMENT
Title My little book of riddles.
260 ## - PUBLICATION, DISTRIBUTION, ETC. (IMPRINT)
Name of publisher, distributor, etc Naja Books,
Date of publication, distribution, etc 2001.
300 ## - PHYSICAL DESCRIPTION
Extent p. ; cm.
Holdings
Withdrawn status Lost status Damaged status Use restrictions Home library Current library Shelving location Date acquired Source of acquisition Total Checkouts Full call number Barcode Date last seen Price effective from Koha item type
        Munich Library Munich Library Main Section 02/02/2006     M 398.6 Ar7 2001 M0634 04/14/2014 04/14/2014 Books

My little book of riddles.

APA

Artus A., . (2001). My little book of riddles. : Naja Books.

Chicago

Artus A, . 2001. My little book of riddles. : Naja Books.

Harvard

Artus A., . (2001). My little book of riddles. : Naja Books.

MLA

Artus A, . My little book of riddles. : Naja Books. 2001.

  • Place hold
  • Print
  • Cite
  • Add to your cart (remove)
  • Save record
    BIBTEX Dublin Core MARCXML MARC (non-Unicode/MARC-8) MARC (Unicode/UTF-8) MARC (Unicode/UTF-8, Standard) MODS (XML) RIS
  • More searches
    Search for this title in:
    Other Libraries (WorldCat) Other Databases (Google Scholar) Online Stores (Bookfinder.com) Open Library (openlibrary.org)

Exporting to Dublin Core...

SOUTHVILLE LIBRARY

Southville International School and Colleges Library

1281 Tropical Ave. Cor. Luxembourg St., BF Homes International, Las Pinas City

Tel. No. 8256374 / 252358 Loc. 117/146

Powered by Koha